Russian Mythical Characters by Picture #QCCLegends - Statistics

General Stats
  • This quiz has been taken 76 times
  • The average score is 5 of 26
Answer Stats
Picture Answer % Correct
Baba Yaga
95%
Ded Moroz
49%
Zhar Ptitsa
42%
Leshy
28%
Domovoi
25%
Mermaid
25%
Perun
25%
Snegurochka
25%
Ilya Muromets
23%
Koschei the Immortal
22%
Vasilisa the Wise
20%
Vodyanoy
20%
Alyosha Popovich
17%
Kikimora
17%
Sirin
14%
Nightingale the Robber
12%
Zmei Gorynich
11%
Bayun
8%
Dazhbog
8%
Bannik
6%
Chur
6%
Alkonost
5%
Svarog
5%
Svyatogor
5%
Bes
3%
Chyudo-Yudo
2%
No matching quizzes found
Score Distribution
Percent of People with Each Score
Percentile by Number Answered
Your Score History
You have not taken this quiz